[Event "Pavlodar Open 2018"]
[Site "Pavlodar"]
[Date "2018.11.28"]
[Round "7"]
[White "Khanin, Semen"]
[Black "Temirbayev, Serikbay"]
[Result "1-0"]
[WhiteElo "2510"]
[BlackElo "2369"]
[Annotator "TA"]
[PlyCount "85"]
[EventDate "2018.11.23"]
[EventType "swiss"]
[EventCountry "KAZ"]
[SourceTitle "playchess.com"]
[Source "ChessBase"]
[SourceQuality "1"]

{[%evp 16,85,18,13,8,26,44,31,151,150,152,153,157,160,155,157,154,147,161,156,158,151,171,170,161,159,167,108,164,162,164,147,162,161,155,146,164,133,152,156,136,150,235,235,334,319,250,102,112,109,294,301,281,217,368,354,402,394,393,389,363,356,315,268,5601,5593,5517,5401,1172,1104,1546,673]} 1. e4 e6 2. d4 d5 3. Nc3 Nf6 4. e5 Nfd7 5. f4 c5 6. Nf3 Nc6 7. Be3 Be7 8. Qd2 O-O 9. dxc5 Nxc5 {C11: French: Classical System: 4 e5 and 4 Bg5 dxe4} (9... Qa5 10. a3 Bxc5 11. O-O-O Rd8 12. Bxc5 Nxc5 13. h4 Bd7 14. h5 h6 15. g4 Be8 16. Qe3 d4 17. Nxd4 Nxd4 18. Rxd4 {½-½ (26) Inarkiev,E (2689)-Volkov,S (2645) St Petersburg 2017}) 10. O-O-O Qa5 11. Kb1 Bd7 {[#]} (11... a6 $14) 12. Nxd5 $1 $16 {[%mdl 512]} exd5 13. Qxa5 Nxa5 14. Bxc5 $1 ({Much worse is} 14. Rxd5 $6 Be6 $11) 14... Bxc5 15. Rxd5 {[%mdl 64] Double Attack} Be3 16. Rxd7 Rfd8 17. Bb5 Rxd7 18. Bxd7 Bxf4 {[#]} 19. g3 $146 Bh6 20. Rd1 Kf8 21. Bf5 (21. e6 $18) 21... g6 (21... Re8 $16 {was called for.} 22. Rd5 (22. Bxh7 g6 $11) 22... Nc4) 22. Be4 $18 Ke7 23. Rd5 Rd8 24. Rxd8 Kxd8 {[%mdl 4096] Endgame KBN-KBN} 25. Bd5 Ke7 26. c4 Nc6 27. Bxc6 bxc6 $16 {KB-KN} 28. Kc2 c5 (28... a5 $16 29. b3 Ke6) 29. Kd3 $1 $18 Ke6 {[#]} (29... f6 {was worth a try.} 30. Ke4 fxe5 31. Kxe5 (31. Nxe5 Ke6 $16) 31... Bg7+ 32. Kd5 Bxb2 33. Kxc5 Bc1) 30. Ke4 $1 Bc1 31. Ne1 (31. b4 $18) 31... Bxb2 $16 32. Nd3 Bd4 $2 (32... f5+ $16 33. exf6 Bxf6) 33. Nf4+ $18 Ke7 34. Kd5 Bg1 $2 {[#]} (34... h5 {was necessary.} 35. Nd3 Bg1) 35. h3 $1 f6 36. exf6+ Kxf6 37. Ne6 Bh2 38. Nxc5 h5 39. Ne4+ Kf5 $2 (39... Ke7 40. c5 Kd7) 40. c5 {[%cal Bc4c5,Bc5c6][%mdl 32] c6 would kill now.White is clearly winning.} Bg1 41. c6 {Threatening mate with c7.} Bb6 42. Nd6+ Kg5 43. Ke4 {Accuracy: White = 68%, Black = 30%.} (43. Ke6 $142 Kh6 44. Kd7) 1-0

[Event "Pavlodar Open 2018"]
[Site "Pavlodar"]
[Date "2018.11.28"]
[Round "7"]
[White "Makhnev, Denis"]
[Black "Korneev, Oleg"]
[Result "1/2-1/2"]
[WhiteElo "2458"]
[BlackElo "2551"]
[Annotator "TA"]
[PlyCount "113"]
[EventDate "2018.11.23"]
[EventType "swiss"]
[EventCountry "KAZ"]
[SourceTitle "playchess.com"]
[Source "ChessBase"]
[SourceQuality "1"]

{[%evp 20,113,13,9,17,-9,0,0,0,-5,18,-25,15,21,22,22,33,21,37,15,23,25,26,0,41,43,31,14,43,31,67,51,49,42,87,43,94,60,50,45,30,16,51,51,66,52,52,52,56,30,36,30,38,38,41,42,47,40,54,45,54,31,30,30,64,8,8,8,8,8,11,8,8,8,8,8,8,8,8,8,11,11,11,8,8,8,8,8,8,8,8,8,8,0,8,8]} 1. d4 d5 2. Nf3 Nf6 3. c4 c6 4. Qc2 dxc4 5. Qxc4 Bg4 6. Nbd2 Nbd7 {D23: Queen's Gambit Accepted: 3 Nf3 Nf6 sidelines} 7. g3 e6 8. Bg2 Be7 9. O-O O-O 10. Qb3 (10. b3 Qa5 11. Bb2 Rac8 12. Rfd1 Rfd8 13. h3 Bh5 14. Qc1 {0-1 (56) Le,Q (2737)-Mamedov,R (2709) Riadh 2017}) 10... Qb6 11. Nc4 {LiveBook: 56 Games} Qa6 12. Re1 Rfd8 13. e3 Bf5 $146 ({Predecessor:} 13... Rab8 14. Nfe5 Nxe5 15. Nxe5 {½-½ (37) Barbosa,O (2564)-Ghosh,D (2481) Kolkata 2014}) 14. Bf1 b5 15. Ncd2 Qb6 16. Nh4 Bg4 17. h3 Bh5 18. g4 Bg6 19. Nxg6 hxg6 20. Nf3 a5 21. a4 {[%cal Ra4b5]} Bb4 22. Bd2 bxa4 23. Rxa4 {[%cal Rd2b4]} c5 (23... Bxd2 {feels hotter.} 24. Nxd2 Ne4 25. Qc2 Nxd2 26. Qxd2 c5) 24. Bxb4 axb4 25. Rxa8 Rxa8 26. Rc1 g5 27. Bg2 (27. Nxg5 cxd4 28. exd4 Qxd4 $11) 27... Rb8 (27... Ra5 $14) 28. Qd3 ({Much weaker is} 28. Nxg5 $6 cxd4 29. exd4 Qxd4 $11) 28... cxd4 29. Qxd4 Qxd4 30. exd4 b3 31. Nxg5 Nb6 32. Nf3 Na4 33. Nd2 g5 34. Rc4 Nxb2 35. Rc3 Na4 36. Rxb3 Rxb3 37. Nxb3 $14 {[%mdl 4096] Endgame KBN-KNN} Nc3 38. Nc1 Kg7 39. Kf1 Nfd5 40. Bxd5 Nxd5 {KN-KN} 41. Ne2 f5 42. gxf5 (42. Kg2 $14) 42... exf5 $11 {The position is equal.} 43. Kg2 Kg6 44. Kf3 Kh5 45. Ng3+ Kg6 46. Nf1 Nf4 47. h4 Ne6 48. d5 Nc7 49. d6 Nb5 50. d7 Nd4+ 51. Ke3 Ne6 52. hxg5 Kxg5 53. f4+ Kf6 54. Ng3 Ke7 55. Nxf5+ Kxd7 56. Nd4 Nxf4 57. Kxf4 {Accuracy: White = 60%, Black = 54%.} 1/2-1/2

[Event "Pavlodar Open 2018"]
[Site "Pavlodar"]
[Date "2018.11.28"]
[Round "7"]
[White "Khusenkhojaev, Muhammad"]
[Black "Burmakin, Vladimir"]
[Result "1/2-1/2"]
[WhiteElo "2455"]
[BlackElo "2531"]
[Annotator "TA"]
[PlyCount "26"]
[EventDate "2018.11.23"]
[EventType "swiss"]
[EventCountry "KAZ"]
[SourceTitle "playchess.com"]
[Source "ChessBase"]
[SourceQuality "1"]

{[%evp 17,26,7,10,-4,-8,-11,-11,-4,13,0,0]} 1. Nf3 d5 2. d4 c6 3. c4 Nf6 4. Qc2 g6 5. Bf4 Bg7 6. e3 O-O 7. Nc3 Na6 8. cxd5 Nb4 {D93: Grünfeld: 4 Nf3 Bg7 5 Bf4 0-0 6 e3} 9. Qd2 (9. Qb3 Nbxd5 10. Be5 Qb6 11. Bc4 Qxb3 12. Bxb3 Nxc3 13. bxc3 Ne4 14. Rc1 b6 15. Bxg7 Kxg7 16. Ne5 {½-½ (40) Fridman,D (2637)-Malakhatko,V (2536) Karlsruhe 2018}) 9... Nbxd5 {LiveBook: 7 Games. The position is equal.} 10. Nxd5 Qxd5 11. Qb4 $146 ({Predecessor:} 11. Qc2 Qa5+ 12. Qd2 Qxd2+ 13. Nxd2 Nd5 14. Bg3 c5 15. Nb3 cxd4 16. exd4 {0-1 (49) Fomichenko,E (2512)-Foisor,C (2424) Rennes 2009}) 11... Qd8 12. Qa3 Nd5 13. Be5 Bxe5 1/2-1/2

[Event "Pavlodar Open 2018"]
[Site "Pavlodar"]
[Date "2018.11.28"]
[Round "7"]
[White "Kostenko, Petr"]
[Black "Mirzoev, Azer"]
[Result "1/2-1/2"]
[WhiteElo "2449"]
[BlackElo "2489"]
[Annotator "TA"]
[PlyCount "161"]
[EventDate "2018.11.23"]
[EventType "swiss"]
[EventCountry "KAZ"]
[SourceTitle "playchess.com"]
[Source "ChessBase"]
[SourceQuality "1"]

{[%evp 27,161,59,59,61,57,59,67,50,59,51,56,44,62,1,9,27,33,23,56,49,76,63,63,58,87,83,88,78,216,114,136,133,127,120,123,110,144,147,181,143,143,141,147,155,150,145,183,158,191,121,123,140,141,136,150,102,102,108,110,110,110,110,131,129,130,130,128,120,128,128,137,110,110,116,149,143,239,232,205,180,1790,129,176,49,50,52,58,60,69,69,69,8,25,25,25,25,25,0,2,0,8,8,8,8,69,69,91,91,77,0,6070,119,123,123,112,96,95,95,29985,103,106,0,0,0,0,0,0,0,0,0,0,0,0,0,0,0]} 1. e4 c6 2. d4 d5 3. exd5 cxd5 4. Bd3 Nc6 5. c3 Nf6 6. Bf4 Bg4 7. Qb3 Qc8 8. Nd2 e6 9. Ngf3 Be7 10. O-O O-O 11. Qc2 Bh5 12. Ne5 Bg6 13. Nxg6 {B13: Caro-Kann: Exchange Variation and Panov-Botvinnik Attack} hxg6 14. Nf3 Nh5 {LiveBook: 3 Games} 15. Be3 {White is slightly better.} Bd6 16. g3 {[#]} Nf6 $146 ({Predecessor:} 16... a6 17. Rae1 b5 18. a3 Qb7 19. Qe2 Rfe8 20. Bc1 Nf6 {0-1 (64) Kamdar,U (1947)-Swapnil,S (2516) Ahmedabad 2017}) 17. Qe2 Qc7 18. Kg2 a6 19. h4 Rfe8 20. Rh1 ({Better is} 20. Rae1 $14) 20... e5 $11 21. dxe5 Nxe5 22. Nxe5 Bxe5 23. Qf3 b5 24. a3 Rad8 25. Rac1 Qb8 26. Bg5 Qb6 27. Rce1 Rc8 {[#]} (27... Bc7 $16 {is a better defense.}) 28. Re2 (28. h5 $1 $18 {[%mdl 512]} Ne4 (28... Nxh5 29. g4) 29. Rxe4 dxe4 30. Bxe4) 28... d4 29. Rhe1 Qb8 30. Bxf6 Bxf6 31. h5 Rxe2 32. Rxe2 Re8 33. hxg6 Rxe2 34. Qxe2 dxc3 35. bxc3 {[%cal Bb2c3,Bc3c4][%mdl 32]} Kf8 36. c4 fxg6 37. Bxg6 {Threatens to win with Qe6.} Qe5 38. Qg4 (38. Qf3 $18) 38... Ke7 $16 39. Qc8 bxc4 40. Qxc4 a5 41. a4 Kd6 42. Qa6+ Kc7 43. Qa7+ Kd8 44. Qb7 Qc7 45. Qd5+ Ke7 46. Bf5 {Qe6+ is the strong threat.} Kf8 47. Bd3 Ke7 48. Bb5 ({Much less strong is} 48. Bc4 Qb6 $18) 48... Bc3 49. Bc4 Qe5 50. Qc6 Bd4 51. Bb5 {Strongly threatening f4.} Qc5 (51... g5 $16 52. Qe8+ Kf6 53. Qf8+ Ke6 54. Qc8+ Kf7 55. Bc4+ Ke7) 52. Qd7+ $18 Kf6 53. Qd8+ Ke6 $2 {[#]} (53... Kg6 54. Bd3+ (54. Qxa5 Qd5+ 55. f3 Bc5 $18) 54... Kf7) 54. Qg8+ $2 (54. Bc4+ $1 $18 {[%mdl 512] is the precise move to win.} Kf5 (54... Qxc4 55. Qg8+) 55. Qd7+ Kg5 56. f4+ Kh6 57. Qe6+ g6 58. g4 Qxc4 59. g5+ Kg7 60. Qxc4) 54... Kf6 55. f4 (55. Bc4 $18 Qc6+ 56. Bd5) 55... Qc2+ $14 56. Kf3 Qd1+ $1 57. Be2 Qxa4 58. Qd8+ Kf7 {Hoping for ...Qc6+.} 59. Kg4 (59. Qd5+ $14 Ke7 60. Bb5 Qa3+ 61. Kg4) 59... Bf6 60. Qd5+ Ke7 61. Bb5 {Intending Qd7+ and mate.} Qd4 62. Qb7+ Kf8 63. Qc6 {[%csl Gb5][%cal Rc6e8]} Qd1+ 64. Kh3 {[%csl Gb5][%cal Rc6e8]} Qd8 65. Bc4 {next Qe6 is good for White.} Qe8 (65... Qd1 $11) 66. Qc5+ Be7 67. Qd5 {[%csl Gc4][%cal Rd5g8]} Bf6 68. g4 (68. Kg2 $16 {Black must now prevent g4.} Bc3 69. Qc5+ Qe7 70. Qd5) 68... g6 $2 {[%mdl 8192]} (68... Qe3+ $11 69. Kg2 Ke7) 69. g5 $2 (69. Qg8+ $18 Ke7 70. Qe6+ Kd8 71. Qb6+ Ke7 72. Qc5+ Kd8 73. Qxa5+ Ke7 74. Qc5+ Kd8 75. Qb6+ Ke7 76. Qe6+ Kd8 77. Qd6+ Qd7 78. Qxf6+ Kc7 79. Qxg6) 69... Bc3 $16 70. Kg2 Kg7 71. Kf3 a4 72. Qd6 {And now f5! would win.} a3 $2 {[%mdl 8192]} (72... Kh7 $16) 73. Bd5 $2 (73. f5 $1 {mates} Be5 74. f6+ Kh8 75. Qd5 Qc8 76. Qxe5 Qxc4 77. Qe8+ {[%mdl 64] Double Attack} (77. f7+ Kh7 $11) 77... Qg8 78. f7) 73... Bd4 {[#]} 74. Be4 (74. Be6 $1 $16 Bb2 75. Kf2) 74... Bb2 $11 {The position is equal.} 75. Bc6 Qe1 76. Qd7+ Kf8 77. Qc8+ Kg7 78. Qb7+ Kf8 79. Bd5 {[%csl Gd5][%cal Rb7f7]} Qf1+ 80. Kg3 {[%csl Gd5][%cal Rb7f7]} Qg1+ 81. Kf3 {Accuracy: White = 49%, Black = 49%.} 1/2-1/2

[Event "Pavlodar Open 2018"]
[Site "Pavlodar"]
[Date "2018.11.29"]
[Round "8"]
[White "Stupak, Kirill"]
[Black "Khusenkhojaev, Muhammad"]
[Result "1/2-1/2"]
[WhiteElo "2580"]
[BlackElo "2455"]
[Annotator "TA"]
[PlyCount "67"]
[EventDate "2018.11.23"]
[EventType "swiss"]
[EventCountry "KAZ"]
[SourceTitle "playchess.com"]
[Source "ChessBase"]
[SourceQuality "1"]

{[%evp 9,67,26,28,21,40,9,56,52,56,57,94,75,81,95,93,75,76,79,94,95,102,95,95,37,46,46,32,60,54,47,112,115,113,109,116,110,110,80,76,16,46,12,74,77,69,59,57,0,83,0,60,0,0,0,0,0,0,-24,-14,-32]} 1. d4 Nf6 2. c4 e6 3. Nc3 d5 4. Nf3 a6 5. cxd5 exd5 6. Bg5 {D37: Queen's Gambit Declined: 5 Bf4} Be6 7. Qb3 {aiming for Bxf6.} (7. e3 Nbd7 8. Bd3 h6 9. Bf4 g5 10. Bg3 Nh5 11. Be5 Nhf6 12. Bg3 Nh5 13. Qb3 Nxg3 14. hxg3 {½-½ (48) Karjakin,S (2773)-Caruana,F (2822) Saint Louis 2018}) 7... Nc6 (7... Nbd7 {keeps more tension.} 8. e3 b5 9. Qd1 h6 10. Bh4 Bd6) 8. Bxf6 $146 {White is slightly better.} ({Not} 8. Qxb7 $2 Na5 $19) ({Predecessor:} 8. e3 Na5 9. Qc2 Be7 10. Bd3 h6 11. Bh4 O-O 12. O-O Rc8 13. Rad1 Nc4 {½-½ (39) Potkin,V (2574)-Timofeev,A (2549) Sochi 2017}) 8... gxf6 9. e3 Rb8 10. a3 Bd6 11. Bd3 ({But not} 11. Nxd5 $2 Bxd5 12. Qc2 Qe7 $19) 11... Ne7 12. Qc2 c6 13. Nh4 Ng6 14. Nf5 Bxf5 15. Bxf5 Nh4 16. g3 ({Better is} 16. Bh3 $16) 16... Nxf5 $14 17. Qxf5 Qe7 18. e4 {Hoping for 0-0.} Qe6 19. Qf3 $1 O-O (19... f5 $1 $14) 20. O-O $16 {[%cal Re4d5]} dxe4 21. Nxe4 f5 22. Nxd6 Qxd6 23. Rad1 Qd5 24. Qf4 (24. Qxd5 $16 cxd5 25. Rfe1) 24... Rbe8 25. Rfe1 {White wants to play Re7!} Re4 (25... f6 $11) 26. Qg5+ Kh8 27. Qf6+ Kg8 28. Qg5+ Kh8 29. Qf6+ Kg8 30. f3 ({White should try} 30. Rxe4 $1 $14 Qxe4 31. Qg5+ Kh8 32. Qd2) 30... Re6 $11 31. Rxe6 Qxe6 32. Qe5 Rd8 33. Qf4 {[#] Qg5+ is the strong threat.} Re8 34. Rd2 {Accuracy: White = 48%, Black = 60%.} 1/2-1/2

[Event "Pavlodar Open 2018"]
[Site "Pavlodar"]
[Date "2018.11.29"]
[Round "8"]
[White "Korneev, Oleg"]
[Black "Kargin, Arseny"]
[Result "1/2-1/2"]
[WhiteElo "2551"]
[BlackElo "2411"]
[Annotator "TA"]
[PlyCount "38"]
[EventDate "2018.11.23"]
[EventType "swiss"]
[EventCountry "KAZ"]
[SourceTitle "playchess.com"]
[Source "ChessBase"]
[SourceQuality "1"]

{[%evp 13,38,0,0,0,7,0,0,0,0,0,12,0,0,0,0,0,0,-7,0,0,0,0,32,0,0,0,118]} 1. e4 c5 2. c3 d5 3. exd5 Qxd5 4. d4 Nf6 5. Nf3 e6 6. a3 {B22: Sicilian: 2 c3} (6. Bd3 Be7 7. O-O O-O 8. Bg5 Nbd7 9. Re1 b6 10. c4 Qd6 11. Nc3 cxd4 12. Nb5 Qc5 13. Nbxd4 Bb7 14. Qe2 Rfe8 15. Rad1 Bf8 16. Bc2 {½-½ (38) Kamsky,G (2666)-Alekseev,E (2620) Sochi 2018}) 6... Be7 7. Be3 Nc6 {LiveBook: 9 Games} 8. dxc5 Qxd1+ 9. Kxd1 Ng4 10. b4 a5 11. Bb5 Bd7 12. Bxc6 $146 ({Predecessor:} 12. Nd4 O-O-O 13. Kc1 Nxd4 14. Bxd7+ Rxd7 15. cxd4 Nxe3 16. fxe3 {½-½ (51) Michalczak,T (2374)-Rapatinski,K (2185) Hattingen 2005}) 12... Bxc6 13. Kc2 Nxe3+ 14. fxe3 b6 15. cxb6 axb4 $1 16. cxb4 Bxb4 17. Nbd2 Bc5 18. Nc4 Ke7 19. Nfd2 Ke8 {Accuracy: White = 70%, Black = 81%.} (19... Rhd8 $11) 1/2-1/2

[Event "Pavlodar Open 2018"]
[Site "Pavlodar"]
[Date "2018.11.29"]
[Round "8"]
[White "Burmakin, Vladimir"]
[Black "Agmanov, Zhandos"]
[Result "1-0"]
[WhiteElo "2531"]
[BlackElo "2368"]
[Annotator "TA"]
[PlyCount "91"]
[EventDate "2018.11.23"]
[EventType "swiss"]
[EventCountry "KAZ"]
[SourceTitle "playchess.com"]
[Source "ChessBase"]
[SourceQuality "1"]

{[%evp 21,91,-10,0,-10,0,2,4,2,17,0,-1,-21,-9,-18,-8,-33,18,17,13,12,11,10,31,34,27,21,22,28,28,42,29,25,30,30,41,33,45,34,91,93,90,79,100,104,112,110,119,81,162,166,165,135,168,160,271,266,387,381,488,465,470,461,739,760,739,706,1325,1228,981,960,960,878]} 1. Nf3 Nf6 2. g3 e6 3. Bg2 d5 4. c4 dxc4 5. Qa4+ Nbd7 6. Qxc4 c5 7. Qb3 Rb8 8. d3 Bd6 9. Nc3 a6 10. a4 {A13: English Opening: 1...e6} (10. O-O O-O 11. Bg5 b5 12. Ne4 Be7 13. Nxf6+ Bxf6 14. Bxf6 Qxf6 15. Rfc1 Bb7 16. Qc3 Qe7 17. Nd2 Bxg2 18. Kxg2 {½-½ (29) Naiditsch,A (2707)-Efimenko,Z (2703) Rogaska Slatina 2011}) 10... b6 11. O-O Bb7 {LiveBook: 5 Games} 12. Rd1 {The position is equal.} O-O 13. Ne4 $146 ({Predecessor:} 13. Bd2 Qe7 14. Be1 Rfc8 15. Nd2 Bxg2 16. Kxg2 Ne5 17. Nde4 Nfd7 {0-1 (46) Galojan,L (2277)-Nakhbayeva,G (2329) Chengdu 2015}) 13... Bc7 14. Qc2 Nd5 15. Bd2 Rc8 16. Qb3 Qe7 17. Ne1 Ne5 18. Nc3 {[%cal Rc3d5]} Nc6 (18... Rfd8 $15) 19. Nxd5 $11 exd5 20. Qxd5 Qxe2 21. Bc3 Ba8 {...Ne5 is the strong threat.} 22. Qg5 {[%csl Gc3][%cal Rg5g7] [#]} Nd4 23. Bxd4 cxd4 24. Rd2 Qe6 25. Bxa8 Rxa8 26. Nf3 Rad8 27. Qh4 $36 {[%mdl 2048] White fights for an advantage.} Rd5 28. Re1 Qd6 29. Qe7 Bd8 ({Black should try} 29... Qc6 $14) 30. Qxd6 $16 Rxd6 31. Rc2 Bf6 32. Rc7 g6 33. Nd2 Rb8 34. Nc4 Rd5 (34... Rdd8 $16) 35. Rc6 $18 Bd8 36. Re8+ Kg7 37. Nd6 h5 (37... a5 $16 {is a better defense.} 38. h4 Rc5 39. Rxc5 bxc5) 38. b4 {[%cal Bb2b4,Bb4b5][%mdl 32]} h4 (38... f6 $142 39. f4 g5) 39. g4 {[%cal Bg3g4,Bg4g5][%mdl 32]} h3 40. f4 {White is clearly winning.} a5 41. b5 Rc5 (41... Ra8 $142 42. f5 Rb8) 42. Rxc5 bxc5 43. Nc4 f5 44. g5 Kf7 45. Nd6+ Kg7 46. Kf2 {Accuracy: White = 68%, Black = 31%.} 1-0

[Event "Pavlodar Open 2018"]
[Site "Pavlodar"]
[Date "2018.11.29"]
[Round "8"]
[White "Utegaliyev, Azamat"]
[Black "Kostenko, Petr"]
[Result "0-1"]
[WhiteElo "2518"]
[BlackElo "2449"]
[Annotator "TA"]
[PlyCount "104"]
[EventDate "2018.11.23"]
[EventType "swiss"]
[EventCountry "KAZ"]
[SourceTitle "playchess.com"]
[Source "ChessBase"]
[SourceQuality "1"]

{[%evp 22,104,8,-7,16,-16,-13,-4,-6,-6,-10,-13,-9,-9,-9,-5,0,0,12,3,33,45,45,0,0,0,26,0,0,-31,29,0,0,0,0,0,4,0,0,0,0,0,0,-9,-9,-9,-9,-9,-6,-9,0,-24,-46,-89,-4,-8,-8,-119,-102,-267,-249,-243,-200,-1285,-1062,-1231,-802,-1137,0,-1531,-1434,-4678,-5114,-29973,-29972,-29987,-29988,-29988,-29989,-29989,-29990,-29990,-29991,-29994,-29992]} 1. e4 e6 2. d4 d5 3. Nd2 c5 4. Ngf3 cxd4 5. Nxd4 Nc6 6. Bb5 Bd7 7. Nxc6 bxc6 8. Bd3 Qc7 9. Qe2 {C07: French Tarrasch: 3...c5, 4 Ngf3 and 4 exd5 Qxd5} Ne7 (9... Bd6 10. Nf3 dxe4 11. Qxe4 Nf6 12. Qh4 h6 13. Bd2 c5 14. O-O-O Rb8 15. Rhe1 Bc6 16. Bc3 Bxf3 17. gxf3 {1-0 (42) McShane,L (2644)-Howell,D (2702) Llandudno 2017}) 10. Nf3 Ng6 11. O-O Be7 12. e5 {LiveBook: 5 Games} f6 $146 {[%cal Rg6e5]} ({Predecessor:} 12... O-O 13. c4 dxc4 14. Bxc4 c5 15. Re1 Bc6 16. Ng5 h6 {1-0 (53) Van den Doel,E (2589)-Timman,J (2562) Amstelveen 2017}) 13. Re1 (13. Bxg6+ {keeps more tension.} hxg6 14. c4 g5 15. h3 Qd8 16. Bd2) 13... Nxe5 $1 14. Nxe5 Qxe5 15. Qxe5 fxe5 16. Rxe5 Bf6 17. Re1 Kf7 18. Rb1 e5 19. f3 g5 20. Be3 g4 21. fxg4 Bxg4 22. Rf1 {[#] Hoping for Bg5.} Rag8 $1 23. Bxa7 h5 24. Rf2 {And now Rbf1 would win.} Ke6 25. Rbf1 Be7 (25... Bh4 $15 26. Bf5+ Bxf5 27. Rxf5 Ra8) 26. Be3 e4 27. Be2 Bh4 28. Bxg4+ Rxg4 29. Re2 Ra8 30. a3 Be7 31. Rd1 h4 32. h3 Rgg8 33. c3 {[%cal Bc2c3,Bc3c4][%mdl 32]} Bg5 34. Bf2 Rgb8 35. Bd4 Rb5 36. c4 Rb3 37. Kf2 Bf6 (37... Bf4 $17) 38. Bxf6 Rf8 39. a4 (39. cxd5+ $11 cxd5 40. Ke1 Rxf6 41. Rd4) 39... Rxf6+ $17 {[%mdl 4096] Endgame KRR-KRR} 40. Ke1 $2 (40. Kg1 $17) 40... Ke5 $19 {Strongly threatening ...d4.} 41. cxd5 cxd5 42. Rc2 $2 (42. Rc1) 42... Re3+ 43. Re2 Rxe2+ 44. Kxe2 {KR-KR} Rb6 $2 (44... d4 $19 45. a5 Rg6) 45. Rb1 $2 {[%mdl 8192]} (45. a5 $11 Rxb2+ 46. Rd2 Rxd2+ 47. Kxd2) 45... d4 {[%cal Bd5d4,Bd4d3][%mdl 32]} 46. b4 d3+ 47. Ke3 Rg6 {Black mates.} 48. b5 Rxg2 {[%csl Gd3][%cal Rg2e2]} 49. Re1 Rg3+ {[%mdl 64] [#] Double Attack} 50. Kd2 Kd4 51. b6 e3+ 52. Kd1 Rg2 {Accuracy: White = 25%, Black = 66%.} 0-1

[Event "Pavlodar Open 2018"]
[Site "Pavlodar"]
[Date "2018.11.29"]
[Round "8"]
[White "Gabrielian, Artur"]
[Black "Khegay, Dmitriy"]
[Result "1-0"]
[WhiteElo "2499"]
[BlackElo "2505"]
[Annotator "TA"]
[PlyCount "57"]
[EventDate "2018.11.23"]
[EventType "swiss"]
[EventCountry "KAZ"]
[SourceTitle "playchess.com"]
[Source "ChessBase"]
[SourceQuality "1"]

{[%evp 21,57,54,82,58,46,42,90,79,106,91,94,55,58,0,0,0,0,0,0,0,0,0,0,-15,0,0,0,0,0,0,288,287,287,277,552,569,537,537]} 1. e4 e5 2. Nf3 Nc6 3. Bc4 Nf6 4. d3 h6 5. O-O d6 6. c3 g6 7. d4 Qe7 8. Re1 Bg7 9. Nbd2 O-O 10. h3 Nh7 11. Nf1 {C55: Two Knights: 4 d3, 4 d4 exd4 5 e5 and Max Lange Attack} Ng5 {LiveBook: 10 Games} 12. Bxg5 hxg5 13. Ne3 {[#] White is slightly better.} exd4 $146 ({Predecessor:} 13... Rb8 14. Qd2 b5 15. Bb3 Na5 16. Nd5 Qd8 17. dxe5 Bxe5 18. Qxg5 Qxg5 19. Nxg5 {1-0 (29) Tiviakov,S (2590)-Sermek,D (2565) Beijing 1997}) 14. cxd4 Qxe4 {[%cal Rc6d4]} 15. Nd5 Qf5 16. Nxc7 Rb8 17. Nd5 ({Better is} 17. Ne8 $14) 17... g4 $1 $11 {[%cal Rg4f3]} 18. hxg4 Qxg4 {[%cal Rc6d4]} 19. Ne3 Qf4 {[%cal Rc6d4]} 20. Nd5 Qg4 {[%cal Rc6d4]} 21. Ne3 $36 {[%mdl 2048] White fights for an advantage.} Qh5 22. Rc1 {[%cal Ba1c1,Bc1c3,Bc3c8][%mdl 32]} Bg4 23. Nxg4 Qxg4 24. Bd5 Rbc8 25. Rc3 Nxd4 $2 {[%mdl 8192]} (25... Bf6 $11) 26. Nxd4 $18 ({And not} 26. Bxb7 Rxc3 27. bxc3 Nxf3+ 28. Bxf3 Qc4 $11) 26... Qxd4 {[#]} 27. Bxf7+ $1 {[%mdl 512]} Kxf7 $2 (27... Rxf7 {was necessary.} 28. Rxc8+ Kh7) 28. Qb3+ {[%mdl 64] Double Attack} d5 {White must now prevent ...Kg8.} 29. Rxc8 {Accuracy: White = 69%, Black = 40%.} 1-0

[Event "Pavlodar Open 2018"]
[Site "Pavlodar"]
[Date "2018.11.29"]
[Round "8"]
[White "Mirzoev, Azer"]
[Black "Vorobiov, Evgeny E."]
[Result "1/2-1/2"]
[WhiteElo "2489"]
[BlackElo "2557"]
[Annotator "TA"]
[PlyCount "39"]
[EventDate "2018.11.23"]
[EventType "swiss"]
[EventCountry "KAZ"]
[SourceTitle "playchess.com"]
[Source "ChessBase"]
[SourceQuality "1"]

{[%evp 22,23,14,12]} 1. Nf3 d5 2. d4 Nf6 3. c4 dxc4 4. e3 e6 5. Bxc4 c5 6. O-O a6 7. dxc5 Qxd1 8. Rxd1 Bxc5 9. b3 Nbd7 10. Bb2 b6 11. Nbd2 Bb7 12. Be2 {LiveBook: 65 Games} {Predecessor:} O-O $146 13. Rac1 Rfd8 14. Nc4 Bd5 15. Bd4 Rac8 16. Bxc5 Rxc5 17. Nce5 Bxf3 18. Nxf3 Rxc1 19. Rxc1 a5 20. Rc6 {½-½ (40) Nepomniachtchi,I (2705)-Nakamura,H (2816) Baku 2015} 1/2-1/2